000
00286nam a2200121Ia 4500
008
191201s2001 xx 000 0 und d
100
_a
SALONER, Garth
245
0
_a
Strategic Management
260
_a
N. Delhi
_b
John Wiley & Sons
_c
2001
300
_a
442
650
_a
MBA
942
_2
ddc
_c
BK
999
_c
152
_d
152